[Event "Sampa Chess Open - Local Piso Superior (ao lado da Renner) às 19h00"]
[Site "Shopping Metrô Tatuapé - Rua Domingos Agostim, 91, São Paulo/SP 03306-010"]
[Date "2024.02.01"]
[Round "5"]
[Board "1"]
[White "Fier, Alexandr"]
[Black "Flores Quillas, Diego Saul Rodri"]
[Result "1-0"]
[WhiteElo "2549"]
[BlackElo "2429"]
[PlyCount "77"]
[EventDate "2024.01.29"]
[EventRounds "9"]
[EventCountry "BRA"]

1. e4 c5 2. Nf3 d6 3. d4 cxd4 4. Nxd4 Nf6 5. Nc3 Nc6 6. Bg5 e6 7. Qd2 a6 8. O-O-O
Bd7 9. f3 Be7 10. Nxc6 Bxc6 11. Kb1 b5 12. h4 h6 13. Be3 h5 14. Bd3 Qc7 15. Ne2 Rc8
16. Nd4 Bb7 17. Bg5 O-O 18. Rhg1 Kh8 19. Qe2 g6 20. g4 e5 21. Nb3 hxg4 22. fxg4 Nh7
23. Bh6 Rfe8 24. Rdf1 Kg8 25. g5 Nf8 26. Bxf8 Bxf8 27. h5 Bg7 28. Rh1 Re6 29. hxg6
Rxg6 30. Qh5 Re6 31. g6 f6 32. Qh3 Rce8 33. Nd2 d5 34. exd5 Bxd5 35. Ne4 Kf8 36.
Qh7 Qc6 37. Ng3 R6e7 38. Nf5 Bg8 39. Qh4  1-0

[Event "Sampa Chess Open - Local Piso Superior (ao lado da Renner) às 19h00"]
[Site "Shopping Metrô Tatuapé - Rua Domingos Agostim, 91, São Paulo/SP 03306-010"]
[Date "2024.02.01"]
[Round "5"]
[Board "2"]
[White "Ticona Rocabado, Licael Roderick"]
[Black "Perdomo, Leandro"]
[Result "1/2-1/2"]
[WhiteElo "2350"]
[BlackElo "2382"]
[PlyCount "81"]
[EventDate "2024.01.29"]
[EventRounds "9"]
[EventCountry "BRA"]

1. d4 Nf6 2. c4 g6 3. Nc3 Bg7 4. e4 d6 5. Nf3 O-O 6. Be2 e5 7. O-O Nc6 8. d5 Ne7
9. b4 a5 10. Ba3 b6 11. bxa5 Rxa5 12. Bb4 Ra8 13. a4 Nh5 14. a5 bxa5 15. Bxa5 Nf4
16. Bxc7 Rxa1 17. Bxd8 Rxd1 18. Bxe7 Nxe2+ 19. Nxe2 Rxf1+ 20. Kxf1 Ba6 21. Bxf8 Kxf8
22. Nd2 Bh6 23. f4 exf4 24. Nd4 Bg7 25. Nb5 Ke7 26. Kf2 g5 27. Kf3 h5 28. Nb3 Be5
29. h3 Bc8 30. Na7 g4+ 31. hxg4 hxg4+ 32. Kf2 Bd7 33. Nc6+ Bxc6 34. dxc6 Kd8 35.
Nc1 Kc7 36. Nd3 Kxc6 37. Ke2 f6 38. Nf2 f3+ 39. gxf3 gxf3+ 40. Kxf3 Kc5 41. Kg4  1/2-1/2

[Event "Sampa Chess Open - Local Piso Superior (ao lado da Renner) às 19h00"]
[Site "Shopping Metrô Tatuapé - Rua Domingos Agostim, 91, São Paulo/SP 03306-010"]
[Date "2024.02.01"]
[Round "5"]
[Board "3"]
[White "Cunha, Lucas Aguiar"]
[Black "Santiago, Yago De Moura"]
[Result "1/2-1/2"]
[WhiteElo "2230"]
[BlackElo "2467"]
[PlyCount "120"]
[EventDate "2024.01.29"]
[EventRounds "9"]
[EventCountry "BRA"]

1. e4 e6 2. d4 d5 3. exd5 exd5 4. Nf3 Nc6 5. Bd3 Bd6 6. Qe2+ Nge7 7. O-O Bg4 8. c3
Qd7 9. h3 Bf5 10. Nbd2 O-O 11. Nh4 Bxd3 12. Qxd3 g5 13. Nhf3 f6 14. Re1 Kh8 15. Nf1
g4 16. hxg4 Qxg4 17. N3h2 Qg7 18. Qh3 Rg8 19. Bh6 Qf7 20. Re3 Rg6 21. Rf3 Rag8 22.
Ne3 Nd8 23. Bf4 Bxf4 24. Rxf4 Ne6 25. Rh4 Rg5 26. Nhg4 R8g7 27. Nh6 Qg6 28. Qf3 f5
29. Re1 c6 30. g3 f4 31. Neg4 fxg3 32. fxg3 Nf5 33. Nxf5 Rxf5 34. Qe3 Ng5 35. Ne5
Qe8 36. Kg2 Ne4 37. Reh1 Rf2+ 38. Kg1 Rxb2 39. R1h3 Rb1+ 40. Kg2 Rb2+ 41. Kg1 Qe6
42. Qf4 Rb1+ 43. Kg2 Rb2+ 44. Kg1 Rf2 45. Rh6 Qg8 46. Qh4 Rf1+ 47. Kxf1 Qf8+ 48.
Kg2 Qf2+ 49. Kh1 Qe1+ 50. Kh2 Qe2+ 51. Kh1 Qd1+ 52. Kh2 Qc2+ 53. Kh1 Qb1+ 54. Kh2
Qxa2+ 55. Kh1 Qb1+ 56. Kh2 Qc2+ 57. Kh1 Qc1+ 58. Kh2 Qd2+ 59. Kh1 Qd1+ 60. Kh2 Qe2+
 1/2-1/2

[Event "Sampa Chess Open - Local Piso Superior (ao lado da Renner) às 19h00"]
[Site "Shopping Metrô Tatuapé - Rua Domingos Agostim, 91, São Paulo/SP 03306-010"]
[Date "2024.02.01"]
[Round "5"]
[Board "4"]
[White "Batista, Renato Luiz"]
[Black "Shumyatsky, Victor"]
[Result "0-1"]
[WhiteElo "2174"]
[BlackElo "2457"]
[PlyCount "92"]
[EventDate "2024.01.29"]
[EventRounds "9"]
[EventCountry "BRA"]

1. e4 e5 2. Nf3 Nc6 3. Bb5 a6 4. Ba4 Nf6 5. O-O Be7 6. Bxc6 dxc6 7. Qe1 Be6 8. d3
Nd7 9. Be3 g5 10. Qd2 f6 11. d4 Bg4 12. Ne1 exd4 13. Bxd4 c5 14. Bc3 Bd6 15. Nd3
Ne5 16. Nxe5 fxe5 17. Qe3 Qf6 18. Nd2 b5 19. b3 O-O 20. Rfe1 Qf4 21. Nf1 Be6 22.
Bd2 Rf7 23. Qg3 Qxg3 24. Nxg3 g4 25. Be3 Kg7 26. Red1 Kg6 27. Rd2 a5 28. a4 b4 29.
Rad1 Ra6 30. Kf1 Rc6 31. Nf5 Bxf5 32. exf5+ Rxf5 33. c4 bxc3 34. Rc2 e4 35. Rxc3
h5 36. g3 Kf6 37. Ke2 Kf7 38. h3 gxh3 39. Rh1 Ke6 40. Rxh3 Rb6 41. Rh4 Kd5 42. Kd1
Rb4 43. Kc2 Be7 44. Rh1 Kc6 45. Rc4 Bf6 46. Rxb4 axb4  0-1

[Event "Sampa Chess Open - Local Piso Superior (ao lado da Renner) às 19h00"]
[Site "Shopping Metrô Tatuapé - Rua Domingos Agostim, 91, São Paulo/SP 03306-010"]
[Date "2024.02.01"]
[Round "5"]
[Board "5"]
[White "Fernandes De Sousa, Julio Cesar"]
[Black "Matsuura, Everaldo"]
[Result "1-0"]
[WhiteElo "2162"]
[BlackElo "2410"]
[PlyCount "99"]
[EventDate "2024.01.29"]
[EventRounds "9"]
[EventCountry "BRA"]

1. e4 c5 2. Nc3 Nc6 3. g3 g6 4. Bg2 Bg7 5. d3 d6 6. Nge2 Rb8 7. O-O e6 8. Be3 Nd4
9. Rb1 Ne7 10. b4 O-O 11. Qd2 b6 12. h3 Bd7 13. b5 e5 14. Kh2 Be6 15. g4 Nxe2 16.
Nxe2 d5 17. Ng3 dxe4 18. Nxe4 f5 19. gxf5 gxf5 20. Ng5 Bd5 21. Qe2 Bxg2 22. Kxg2
h6 23. Nf3 Ng6 24. Rg1 Qf6 25. Kh1 Rbe8 26. Rg2 Nh4 27. Nxh4 Qxh4 28. Rbg1 Re7 29.
Qf3 Kh7 30. a4 e4 31. dxe4 fxe4 32. Qg4 Qxg4 33. Rxg4 Rd8 34. a5 Rd5 35. axb6 axb6
36. Rg6 Rb7 37. Re6 Rh5 38. Kg2 Re5 39. Rd6 Bf8 40. Rc6 Ree7 41. Kf1 Rec7 42. Rgg6
Rxc6 43. Rxc6 Bg7 44. Ke2 h5 45. Bf4 Bd4 46. c4 Bc3 47. Rc7+ Rxc7 48. Bxc7 Ba5 49.
Ke3 Kg6 50. Kxe4  1-0

[Event "Sampa Chess Open - Local Piso Superior (ao lado da Renner) às 19h00"]
[Site "Shopping Metrô Tatuapé - Rua Domingos Agostim, 91, São Paulo/SP 03306-010"]
[Date "2024.02.01"]
[Round "5"]
[Board "6"]
[White "Gemy, Jose Daniel"]
[Black "Ribeiro, Matheus Mendes Domingues"]
[Result "1/2-1/2"]
[WhiteElo "2329"]
[BlackElo "2130"]
[PlyCount "160"]
[EventDate "2024.01.29"]
[EventRounds "9"]
[EventCountry "BRA"]

1. Nf3 d5 2. g3 c5 3. Bg2 Nc6 4. d4 Nf6 5. O-O e6 6. c4 dxc4 7. Na3 cxd4 8. Nxc4
Be7 9. Bf4 O-O 10. Nce5 Bd7 11. Qb3 Qb6 12. Qxb6 axb6 13. Rfd1 Rfd8 14. Nxd4 Nxd4
15. Rxd4 Bb5 16. Rxd8+ Rxd8 17. Bxb7 Nd5 18. Bxd5 Rxd5 19. e4 Rc5 20. a4 f6 21. b4
Rc2 22. axb5 fxe5 23. Bxe5 Rc4 24. Ra8+ Kf7 25. Ra7 Ke8 26. Bc7 Rxb4 27. Bxb6 Rxb5
28. Be3 Re5 29. Ra4 Rb5 30. Ra8+ Kf7 31. Ra7 h6 32. Kg2 Kf6 33. Rc7 Bd8 34. Rc6 Rb4
35. Kf3 Rb3 36. h4 h5 37. g4 hxg4+ 38. Kxg4 Kf7 39. Rc8 Bf6 40. Rc7+ Kg8 41. Rc6
Kf7 42. Rc7+ Kg8 43. Kh5 Kh7 44. Rc6 e5 45. Kg4 Rb1 46. h5 Rh1 47. h6 Kg6 48. f4
exf4 49. Bxf4 Rg1+ 50. Kf3 Rf1+ 51. Kg3 Kh7 52. e5 Bxe5 53. Bxe5 gxh6 54. Rc7+ Kg6
55. Rc6+ Kg5 56. Bd4 h5 57. Be3+ Kf5 58. Rc5+ Ke4 59. Bf2 h4+ 60. Kg2 Rb1 61. Rc4+
Kd5 62. Rd4+ Ke5 63. Rd8 Rb2 64. Rf8 Rb4 65. Kh3 Rb7 66. Re8+ Kd5 67. Rd8+ Ke4 68.
Re8+ Kf4 69. Be3+ Kf3 70. Bg5 Rg7 71. Re5 Rg8 72. Re3+ Kf2 73. Re5 Kf3 74. Ra5 Rg7
75. Ra3+ Ke4 76. Kg4 Rf7 77. Ra4+ Kd5 78. Bxh4 Rf1 79. Ra2 Rf8 80. Bg5 Ke4  1/2-1/2

[Event "Sampa Chess Open - Local Piso Superior (ao lado da Renner) às 19h00"]
[Site "Shopping Metrô Tatuapé - Rua Domingos Agostim, 91, São Paulo/SP 03306-010"]
[Date "2024.02.01"]
[Round "5"]
[Board "7"]
[White "Pironti, Francisco Ferrari"]
[Black "Di Berardino, Diego Rafael"]
[Result "0-1"]
[WhiteElo "1953"]
[BlackElo "2480"]
[PlyCount "68"]
[EventDate "2024.01.29"]
[EventRounds "9"]
[EventCountry "BRA"]

1. e4 c5 2. Nf3 d6 3. d4 cxd4 4. Nxd4 Nf6 5. Nc3 Nc6 6. h3 g6 7. Be3 Bg7 8. g4 O-O
9. Bg2 Nxd4 10. Bxd4 Qa5 11. O-O Be6 12. f4 Rac8 13. Qd2 Rc4 14. f5 Nxe4 15. Nxe4
Qxd2 16. Nxd2 Bxd4+ 17. Kh1 Rxc2 18. fxe6 Rxd2 19. exf7+ Kg7 20. Rad1 Rxd1 21. Rxd1
Bxb2 22. Bd5 Rc8 23. Bxb7 Rc2 24. Bd5 Re2 25. Bc4 Re4 26. Bd5 Re5 27. Bb3 Ba3 28.
Rd5 Re1+ 29. Kg2 Bc5 30. Rd3 e6 31. Rf3 d5 32. Ba4 Re2+ 33. Kf1 Rxa2 34. Be8 g5  0-1

[Event "Sampa Chess Open - Local Piso Superior (ao lado da Renner) às 19h00"]
[Site "Shopping Metrô Tatuapé - Rua Domingos Agostim, 91, São Paulo/SP 03306-010"]
[Date "2024.02.01"]
[Round "5"]
[Board "8"]
[White "Awoki, Daniel Teidi"]
[Black "Dos Santos Dutra, Fernando Junior Freire"]
[Result "0-1"]
[WhiteElo "2152"]
[BlackElo "2262"]
[PlyCount "110"]
[EventDate "2024.01.29"]
[EventRounds "9"]
[EventCountry "BRA"]

1. e4 c5 2. Nf3 d6 3. d4 cxd4 4. Nxd4 Nf6 5. Nc3 a6 6. Be2 e5 7. Nb3 Be7 8. O-O O-O
9. a4 Nc6 10. Re1 Be6 11. Bf3 Nb4 12. a5 b5 13. axb6 Qxb6 14. Nd2 Rfd8 15. Nf1 Qc7
16. Ne3 Rdc8 17. Re2 Bf8 18. h3 h6 19. Ng4 Nd7 20. Ne3 Nf6 21. Bd2 Nc6 22. Be1 Nd4
23. Rd2 Qb7 24. Rxd4 exd4 25. Qxd4 Qa7 26. Qd3 Qb6 27. b3 Ra7 28. Na4 Qb5 29. c4
Qb8 30. Ba5 Rb7 31. Bd1 Nd7 32. f4 Be7 33. Rb1 Nc5 34. Nxc5 dxc5 35. f5 Bd7 36. Bc3
Qg3 37. Bf3 Bc6 38. Nf1 Qb8 39. Ba1 Rd8 40. Qc2 f6 41. Ne3 Qf4 42. Nd5 Bxd5 43. exd5
Bd6 44. Bc3 Re8 45. Qf2 Qxf5 46. Re1 Rxe1+ 47. Qxe1 Re7 48. Qd2 Qb1+ 49. Bd1 Qg6
50. Bg4 f5 51. Qd3 Qg5 52. Bd2 Qh4 53. g3 Bxg3 54. Qxf5 Be5 55. Bf4 Bd4+  0-1

[Event "Sampa Chess Open - Local Piso Superior (ao lado da Renner) às 19h00"]
[Site "Shopping Metrô Tatuapé - Rua Domingos Agostim, 91, São Paulo/SP 03306-010"]
[Date "2024.02.01"]
[Round "5"]
[Board "9"]
[White "Cueto, Jonny"]
[Black "Marra, Eduardo Da Costa"]
[Result "0-1"]
[WhiteElo "2108"]
[BlackElo "2189"]
[PlyCount "76"]
[EventDate "2024.01.29"]
[EventRounds "9"]
[EventCountry "BRA"]

1. e4 c5 2. Nf3 d6 3. c3 Nf6 4. Bd3 g6 5. O-O Bg7 6. Re1 O-O 7. Bc2 Nc6 8. a4 a6
9. d3 Rb8 10. h3 b5 11. axb5 axb5 12. d4 Nd7 13. d5 Nce5 14. Nh2 b4 15. b3 c4 16.
f4 bxc3 17. bxc4 Nxc4 18. Na3 Ra8 19. Nf3 Qb6+ 20. Kh1 Qc5 21. Nxc4 Rxa1 22. Ne3
Ba6 23. f5 Bh6 24. g4 Ne5 25. Kg2 Nxf3 26. Kxf3 Rb8 27. h4 Bg7 28. h5 Qd4 29. hxg6
hxg6 30. g5 Qxd1+ 31. Rxd1 Ra2 32. f6 exf6 33. gxf6 Bxf6 34. Rg1 Bd4 35. Rg2 Rbb2
36. Bxb2 cxb2 37. Nf5 Ra3+ 38. Kf4 Be5+  0-1

[Event "Sampa Chess Open - Local Piso Superior (ao lado da Renner) às 19h00"]
[Site "Shopping Metrô Tatuapé - Rua Domingos Agostim, 91, São Paulo/SP 03306-010"]
[Date "2024.02.01"]
[Round "5"]
[Board "10"]
[White "Perez Gormaz, Matias"]
[Black "Vargas, Gabriela"]
[Result "1/2-1/2"]
[WhiteElo "2388"]
[BlackElo "2084"]
[PlyCount "69"]
[EventDate "2024.01.29"]
[EventRounds "9"]
[EventCountry "BRA"]

1. e4 e6 2. d3 d5 3. Nd2 c5 4. Ngf3 Nc6 5. g3 Bd6 6. Bg2 Nge7 7. O-O O-O 8. Nh4 b5
9. f4 c4 10. Kh1 a5 11. e5 Bc5 12. Ndf3 cxd3 13. cxd3 Nd4 14. Nxd4 Bxd4 15. Nf3 Bb6
16. g4 d4 17. Nxd4 Qxd4 18. Bxa8 Nd5 19. Qf3 Rd8 20. Re1 Qc5 21. Bxd5 exd5 22. d4
Qb4 23. Be3 Bxd4 24. Bxd4 Qxd4 25. f5 Qb6 26. Rac1 Bb7 27. Kg2 d4 28. Re4 d3 29.
Kg3 Bxe4 30. Qxe4 d2 31. Rd1 Rd4 32. Qa8+ Rd8 33. Qe4 Rd4 34. Qa8+ Rd8 35. Qe4  1/2-1/2

[Event "Sampa Chess Open - Local Piso Superior (ao lado da Renner) às 19h00"]
[Site "Shopping Metrô Tatuapé - Rua Domingos Agostim, 91, São Paulo/SP 03306-010"]
[Date "2024.02.01"]
[Round "5"]
[Board "11"]
[White "De Albuquerque, Ian Telek C."]
[Black "De Menezes, Ricardo Fagner Dias"]
[Result "0-1"]
[WhiteElo "2089"]
[BlackElo "1675"]
[PlyCount "82"]
[EventDate "2024.01.29"]
[EventRounds "9"]
[EventCountry "BRA"]

1. e4 c6 2. d4 d5 3. e5 Bf5 4. h4 h5 5. Bg5 Qb6 6. Bd3 Bxd3 7. Qxd3 Qa6 8. Qb3 Qb6
9. Nf3 e6 10. Nbd2 Ne7 11. Qd3 Nf5 12. O-O a5 13. c3 Qa6 14. c4 Bb4 15. b3 Nd7 16.
a3 Bxd2 17. Nxd2 Nf8 18. Rfc1 Ng6 19. Nf3 Nh6 20. Bxh6 Rxh6 21. Rc3 Ne7 22. Rac1
Nf5 23. Qd2 Rd8 24. Qf4 Qb6 25. Rd3 Qc7 26. Ng5 Qe7 27. Ra1 a4 28. cxd5 Rxd5 29.
bxa4 Qd7 30. Nf3 Rg6 31. Rad1 c5 32. Qd2 c4 33. Rc3 Qxa4 34. Rb1 b5 35. Rb4 Qa8 36.
g3 Rg4 37. Qb2 Nxd4 38. a4 Nxf3+ 39. Rxf3 Rd1+ 40. Kg2 Rd3 41. Qe2 Re4  0-1

[Event "Sampa Chess Open - Local Piso Superior (ao lado da Renner) às 19h00"]
[Site "Shopping Metrô Tatuapé - Rua Domingos Agostim, 91, São Paulo/SP 03306-010"]
[Date "2024.02.01"]
[Round "5"]
[Board "13"]
[White "Matiuci, Bernardo Steinle"]
[Black "Cordero, Daniela"]
[Result "0-1"]
[WhiteElo "1546"]
[BlackElo "2028"]
[PlyCount "64"]
[EventDate "2024.01.29"]
[EventRounds "9"]
[EventCountry "BRA"]

1. d4 d5 2. c4 c6 3. Nc3 Nf6 4. Nf3 a6 5. e3 dxc4 6. a4 e6 7. Be2 Bb4 8. Nd2 Bxc3
9. bxc3 b5 10. axb5 cxb5 11. Ba3 Bb7 12. O-O Nc6 13. Rb1 Qc7 14. Bf3 O-O-O 15. Qe2
h5 16. e4 g5 17. e5 Nd5 18. Rfc1 Nf4 19. Qe3 Na5 20. Bd6 Rxd6 21. exd6 Qxd6 22. Ne4
Bxe4 23. Qxe4 Nd5 24. Rb2 g4 25. Bd1 f5 26. Qe1 Nf4 27. Rd2 Qd5 28. f3 Nd3 29. Rxd3
cxd3 30. c4 Nxc4 31. Qa5 Qxd4+ 32. Kh1 Kb7  0-1

[Event "Sampa Chess Open - Local Piso Superior (ao lado da Renner) às 19h00"]
[Site "Shopping Metrô Tatuapé - Rua Domingos Agostim, 91, São Paulo/SP 03306-010"]
[Date "2024.02.01"]
[Round "5"]
[Board "14"]
[White "Da Silva, Lucas Pereira Mendes"]
[Black "Barroso, Daniele Silva"]
[Result "1-0"]
[WhiteElo "1974"]
[BlackElo "1349"]
[PlyCount "103"]
[EventDate "2024.01.29"]
[EventRounds "9"]
[EventCountry "BRA"]

1. d4 d5 2. c4 e6 3. Nc3 h6 4. Nf3 a6 5. e3 Nf6 6. Qc2 c5 7. cxd5 cxd4 8. Qa4+ Bd7
9. Qxd4 exd5 10. Nxd5 Qa5+ 11. Nc3 Nc6 12. Qd1 Ne4 13. Bd2 Nxd2 14. Qxd2 Bb4 15.
a3 Bxc3 16. Qxc3 Qxc3+ 17. bxc3 O-O 18. O-O-O Bg4 19. Be2 Ne5 20. Nxe5 Bxe2 21. Rd2
Bb5 22. Kb2 Rfd8 23. Rhd1 Rxd2+ 24. Rxd2 Re8 25. Nf3 Bc6 26. Ne1 g6 27. g3 Kg7 28.
c4 h5 29. h4 Re4 30. Kc3 b5 31. Rd4 Re6 32. c5 Kf6 33. Nd3 Ke7 34. Nb4 a5 35. Nxc6+
Rxc6 36. Rd5 Ke6 37. Kd4 f6 38. Rd8 b4 39. axb4 axb4 40. Rb8 Rc7 41. Rb6+ Ke7 42.
Rxb4 Rd7+ 43. Ke4 Rd2 44. f3 Rc2 45. Kd5 Rd2+ 46. Rd4 Rc2 47. c6 f5 48. Ra4 Rd2+
49. Ke5 Rc2 50. Ra7+ Kd8 51. Rd7+ Kc8 52. Rd6  1-0

[Event "Sampa Chess Open - Local Piso Superior (ao lado da Renner) às 19h00"]
[Site "Shopping Metrô Tatuapé - Rua Domingos Agostim, 91, São Paulo/SP 03306-010"]
[Date "2024.02.01"]
[Round "5"]
[Board "16"]
[White "Hirota Da Silva, Nilton"]
[Black "Santos, Marcus Vinicius Moreira"]
[Result "0-1"]
[WhiteElo "1827"]
[BlackElo "2331"]
[PlyCount "49"]
[EventDate "2024.01.29"]
[EventRounds "9"]
[EventCountry "BRA"]

1. d4 Nf6 2. Nf3 g6 3. g3 Bg7 4. Bg2 O-O 5. O-O d6 6. c4 c6 7. Nc3 Qa5 8. e4 e5 9.
dxe5 dxe5 10. Qc2 Be6 11. b3 h6 12. Bd2 Qc7 13. Rad1 Nbd7 14. h3 b5 15. cxb5 cxb5
16. Qc1 Rac8 17. Qb1 Qb7 18. Nh4 Rfd8 19. Nd5 Re8 20. Bb4 Bxd5 21. exd5 e4 22. Rfe1
Nb6 23. d6 Rcd8 24. Qc2 Nbd7 (24... Nbd5 25. Bxe4 Nxb4 26. Bxb7 Rxe1+ 27. Rxe1 Nxc2
28. Rc1 Nd4 29. Rc8 Rxc8 30. Bxc8 Kf8 31. Kg2 Ke8 32. Nf3 Nxf3 33. Kxf3 Bf8) 25.
Bxe4  0-1

[Event "Sampa Chess Open - Local Piso Superior (ao lado da Renner) às 19h00"]
[Site "Shopping Metrô Tatuapé - Rua Domingos Agostim, 91, São Paulo/SP 03306-010"]
[Date "2024.02.01"]
[Round "5"]
[Board "17"]
[White "Branquinho, Eduardo De Medeiros"]
[Black "Filgueiras, Nathan Felipe"]
[Result "0-1"]
[WhiteElo "1815"]
[BlackElo "2321"]
[PlyCount "88"]
[EventDate "2024.01.29"]
[EventRounds "9"]
[EventCountry "BRA"]

1. e4 c5 2. Nf3 Nc6 3. d4 cxd4 4. Nxd4 e5 5. Nb5 d6 6. N1c3 a6 7. Na3 Be6 8. Nd5
Bxd5 9. Qxd5 Nf6 10. Bg5 Nxd5 11. Bxd8 Nc3 12. bxc3 Rxd8 13. Nc4 d5 14. exd5 Rxd5
15. Be2 Rc5 16. a4 Kd8 17. Rb1 Kc7 18. O-O Be7 19. Rfd1 Rd8 20. Kf1 g6 21. Rxd8 Bxd8
22. Rd1 Bg5 23. g3 f5 24. f3 Ne7 25. Rb1 Bf6 26. Rb3 Nd5 27. Ke1 e4 28. Kd2 Nxc3
29. Ne3 Bd4 30. fxe4 fxe4 31. Rb4 Bxe3+ 32. Kxe3 Nxe2 33. Kxe2 Rxc2+ 34. Ke3 Rxh2
35. Kxe4 Rh5 36. g4 Rg5 37. Kf4 Rc5 38. Re4 Kd6 39. Rb4 b5 40. axb5 axb5 41. Kg3
Kc6 42. Rf4 Rd5 43. Rf8 Rd7 44. Kf3 b4  0-1

[Event "Sampa Chess Open - Local Piso Superior (ao lado da Renner) às 19h00"]
[Site "Shopping Metrô Tatuapé - Rua Domingos Agostim, 91, São Paulo/SP 03306-010"]
[Date "2024.02.01"]
[Round "5"]
[Board "18"]
[White "Oliveira, Silvio Eduardo"]
[Black "De Paula, Luan Araujo"]
[Result "1-0"]
[WhiteElo "2297"]
[BlackElo "1863"]
[PlyCount "81"]
[EventDate "2024.01.29"]
[EventRounds "9"]
[EventCountry "BRA"]

1. e4 c6 2. d4 d5 3. f3 Qb6 4. Nc3 e5 5. dxe5 d4 6. Nce2 Qa5+ 7. Qd2 Bb4 8. c3 dxc3
9. bxc3 Bc5 10. Nd4 Ne7 11. f4 Ng6 12. Nb3 Qb6 13. Nxc5 Qxc5 14. a4 Nxf4 15. Ba3
Qxe5 16. O-O-O Ne6 17. Bc4 Qf4 18. Nf3 Qxd2+ 19. Rxd2 c5 20. Ne5 O-O 21. Rf1 Nc6
22. Nxc6 bxc6 23. Rd6 Ng5 24. Rxc6 Nxe4 25. Rf4 Nf6 26. Bxc5 Re8 27. Bd4 Bd7 28.
Rc7 Rac8 29. Bxf7+ Kxf7 30. Rxd7+ Ke6 31. Rxg7 Nd5 32. Re4+ Kf5 33. Rxe8 Rxe8 34.
Rxh7 Ke4 35. Kc2 a6 36. Rh4+ Kf5 37. Rh5+ Ke4 38. Rg5 Re6 39. h4 Nf4 40. h5 Rh6 41.
Re5#  1-0

[Event "Sampa Chess Open - Local Piso Superior (ao lado da Renner) às 19h00"]
[Site "Shopping Metrô Tatuapé - Rua Domingos Agostim, 91, São Paulo/SP 03306-010"]
[Date "2024.02.01"]
[Round "5"]
[Board "19"]
[White "Gazineu Neto, Rubens"]
[Black "Tsuboi, Edson Kenji"]
[Result "0-1"]
[WhiteElo "1912"]
[BlackElo "2200"]
[PlyCount "92"]
[EventDate "2024.01.29"]
[EventRounds "9"]
[EventCountry "BRA"]

1. e4 c5 2. Nf3 e6 3. d4 cxd4 4. Nxd4 Nc6 5. Nc3 Qc7 6. a3 a6 7. Be3 b5 8. Be2 Bb7
9. f4 d6 10. O-O Nf6 11. Bf3 Be7 12. Nxc6 Bxc6 13. e5 dxe5 14. Bxc6+ Qxc6 15. fxe5
Nd7 16. Qg4 O-O 17. Qg3 f5 18. Rad1 Rfd8 19. Kh1 Nf8 20. Bg5 Bxg5 21. Qxg5 Qc7 22.
Rde1 Rd4 23. Qe3 Rad8 24. Re2 Ng6 25. h3 Qc6 26. Qg5 Qc7 27. Qe3 Qd7 28. Rff2 h6
29. g3 a5 30. Qf3 Kh7 31. Re3 Rc8 32. a4 bxa4 33. h4 f4 34. Re4 fxg3 35. Qxg3 Rxc3
36. Rxd4 Qxd4 37. bxc3 Qe4+ 38. Kh2 Nxe5 39. Kh3 a3 40. Rf4 Qh1+ 41. Qh2 Qd1 42.
Qg2 Qd5 43. Qxd5 exd5 44. Rf1 Kg6 45. Kg3 Nc4 46. Kg4 Ne3+  0-1

[Event "Sampa Chess Open - Local Piso Superior (ao lado da Renner) às 19h00"]
[Site "Shopping Metrô Tatuapé - Rua Domingos Agostim, 91, São Paulo/SP 03306-010"]
[Date "2024.02.01"]
[Round "5"]
[Board "20"]
[White "Silva, Kaua Marques"]
[Black "Cardoso, Maria Paula Da Silva"]
[Result "1/2-1/2"]
[WhiteElo "2142"]
[BlackElo "1780"]
[PlyCount "124"]
[EventDate "2024.01.29"]
[EventRounds "9"]
[EventCountry "BRA"]

1. e4 c5 2. Nf3 d6 3. d4 cxd4 4. Nxd4 Nf6 5. Nc3 a6 6. Bg5 e6 7. f4 Be7 8. Qf3 Qc7
9. O-O-O Nbd7 10. Bd3 b5 11. Rhe1 Bb7 12. Nd5 exd5 13. Nf5 Kf8 14. exd5 Bxd5 15.
Qg3 Be6 16. Nxe7 Kxe7 17. Bxf6+ gxf6 18. f5 Rag8 19. Qh4 Ne5 20. fxe6 fxe6 21. Rf1
Rf8 22. Be2 Qc5 23. Qh6 Ng6 24. h4 Rf7 25. Bh5 Rg8 26. Rf3 b4 27. Rdf1 Rc8 28. Bxg6
hxg6 29. Qxg6 f5 30. R3f2 Qc4 31. Qg5+ Kd7 32. Kb1 a5 33. Qe3 Qxh4 34. Qa7+ Rc7 35.
Qxa5 Qd4 36. Qa4+ Ke7 37. Rf4 Qd2 38. R4f2 Qd4 39. a3 Rb7 40. Qc6 Kf6 41. Rf4 Qd2
42. a4 Rfc7 43. Qe4 Rc5 44. R4f2 Qd5 45. Qh4+ Kf7 46. Qh7+ Ke8 47. Qg8+ Kd7 48. Rh1
Kc6 49. b3 Kb6 50. Qd8+ Rbc7 51. Rc1 Rc3 52. Qb8+ Rb7 53. Qa8 Rc5 54. Rf3 Rc3 55.
Qd8+ Ka7 56. Rxc3 bxc3 57. Ka2 Rxb3 58. cxb3 Qd2+ 59. Ka3 Qxc1+ 60. Kb4 c2 61. Qc7+
Ka8 62. Qc6+ Ka7  1/2-1/2

[Event "Sampa Chess Open - Local Piso Superior (ao lado da Renner) às 19h00"]
[Site "Shopping Metrô Tatuapé - Rua Domingos Agostim, 91, São Paulo/SP 03306-010"]
[Date "2024.02.01"]
[Round "5"]
[Board "21"]
[White "Simao, Davi Ribeiro"]
[Black "Ikejiri, Daniel Yoshito"]
[Result "0-1"]
[WhiteElo "1320"]
[BlackElo "1916"]
[PlyCount "88"]
[EventDate "2024.01.29"]
[EventRounds "9"]
[EventCountry "BRA"]

1. e4 c5 2. Nc3 Nc6 3. f4 g6 4. Nf3 Bg7 5. Bc4 e6 6. d3 Nge7 7. O-O O-O 8. Qe1 d5
9. Bb3 Nd4 10. Qh4 b5 11. f5 gxf5 12. Bh6 Nxf3+ 13. Rxf3 Ng6 14. Qxd8 Rxd8 15. Bxg7
Kxg7 16. exd5 Bd7 17. dxe6 fxe6 18. a4 b4 19. Nb5 Rac8 20. Re1 a6 21. Nd6 Rc6 22.
Nc4 Kf6 23. Rfe3 Re8 24. Ne5 Nxe5 25. Rxe5 a5 26. Bc4 Rc7 27. b3 Re7 28. Kf2 h5 29.
g3 Rg7 30. Bxe6 Bxe6 31. Rxe6+ Kg5 32. R1e5 h4 33. gxh4+ Kf4 34. Rd5 Rcf7 35. Rxc5
Kg4 36. h5 Kxh5 37. Ree5 Kg4 38. Rc4+ f4 39. Kg2 Rh7 40. Rxa5 Rh6 41. Rxb4 Rfh7 42.
d4 Rxh2+ 43. Kf1 Kf3 44. Ke1 Re2+  0-1

[Event "Sampa Chess Open - Local Piso Superior (ao lado da Renner) às 19h00"]
[Site "Shopping Metrô Tatuapé - Rua Domingos Agostim, 91, São Paulo/SP 03306-010"]
[Date "2024.02.01"]
[Round "5"]
[Board "22"]
[White "Cristino, Felipe Borges"]
[Black "Resende, Ana Gabriela Lobato"]
[Result "1/2-1/2"]
[WhiteElo "1890"]
[BlackElo "1800"]
[PlyCount "109"]
[EventDate "2024.01.29"]
[EventRounds "9"]
[EventCountry "BRA"]

1. d4 d5 2. c4 e6 3. cxd5 exd5 4. Nc3 Nf6 5. Bg5 Be7 6. e3 O-O 7. Bd3 Nbd7 8. Nge2
Re8 9. Qc2 Nf8 10. O-O Be6 11. Rab1 Rc8 12. b4 c6 13. b5 c5 14. dxc5 Rxc5 15. Qa4
Qb8 16. Bf4 Qa8 17. b6 axb6 18. Qxa8 Rxa8 19. Rxb6 Bc8 20. Rfb1 Rc6 21. R6b3 Bc5
22. Bb5 Re6 23. Rd1 b6 24. Bg3 Ng6 25. Nxd5 Rxa2 26. Nxf6+ Rxf6 27. Nc3 Ra8 28. Nd5
Rf5 29. e4 Rg5 30. Nc7 Be6 31. Nxe6 fxe6 32. h4 Rg4 33. Be2 Rxg3 34. Rxg3 Ra2 35.
Bc4 Rxf2 36. Bxe6+ Kf8 37. Kh1 Nxh4 38. Bh3 g6 39. Rd8+ Kg7 40. Rd1 b5 41. Rg4 Be7
42. Rd7 Kf7 43. Rxe7+ Kxe7 44. Rxh4 h5 45. e5 Rf1+ 46. Kh2 Rb1 47. Rd4 g5 48. Rd7+
Ke8 49. Bf5 Rf1 50. g4 Rxf5 51. Rd5 hxg4 52. Rxb5 Ke7 53. Kg3 Rf4 54. e6 Kxe6 55.
Rxg5  1/2-1/2